000 00277nam a2200109Ia 4500
001 1261066
005 20260417140344.0
008 260417s9999 xx 000 0 und d
020 _a9786051858494
245 0 _aKuyruklu Hikayeler
_cAhmet Çakmak
260 _bEverest Yayınları
999 _c1261066
_d1261066